[Event "Murmansk Basamro U16 4th"]
[Site "Murmansk"]
[Date "2016.10.07"]
[Round "3.2"]
[White "Warr Esser, Alexandre"]
[Black "Klukin, Kirill"]
[Result "1/2-1/2"]
[WhiteElo "1883"]
[BlackElo "2245"]
[PlyCount "92"]
[EventDate "2016.10.06"]
[EventType "team-tourn"]
[EventRounds "5"]
[EventCountry "RUS"]
[SourceTitle "EXT 2017"]
[Source "ChessBase"]
[SourceDate "2016.10.25"]
[SourceVersion "1"]
[SourceVersionDate "2016.10.25"]
[SourceQuality "1"]
[WhiteTeam "Paris"]
[BlackTeam "Murmansk Region"]
[WhiteTeamCountry "FRA"]
[BlackTeamCountry "RUS"]

1. e4 c5 2. Nf3 Nc6 3. Bb5 d6 4. d4 cxd4 5. Qxd4 Bd7 6. Bxc6 Bxc6 7. Nc3 h6 8. 0-0 e5 9. Qd3 Nf6 10. Nd2 Be7 11. Rd1 d5 12. exd5 Nxd5 13. Nxd5 Qxd5 14. Qxd5 Bxd5 15. Nb3 0-0-0 16. Be3 b6 17. c4 Be6 18. Rdc1 Kb7 19. Nd2 f5 20. Nf1 Rc8 21. b3 Rhd8 22. Re1 Bf6 23. Rad1 Rxd1 24. Rxd1 Rd8 25. Rxd8 Bxd8 26. Bc1 Kc6 27. Ba3 Bf6 28. Nd2 e4 29. Kf1 Bf7 30. Ke2 Bh5+ 31. f3 exf3+ 32. Nxf3 g5 33. Kf2 g4 34. Ne1 f4 35. Bc1 Bd4+ 36. Kf1 Bg6 37. Bxf4 Bb1 38. Bxh6 Bxa2 39. Nc2 Bc5 40. Ke2 Bxb3 41. Kd3 Ba2 42. h3 gxh3 43. gxh3 b5 44. cxb5+ Kxb5 45. Be3 Be6 46. Nd4+ Bxd4 1/2-1/2

[Event "Murmansk Basamro U16 4th"]
[Site "Murmansk"]
[Date "2016.10.06"]
[Round "1.1"]
[White "Pyper, Otto"]
[Black "Warr Esser, Alexandre"]
[Result "0-1"]
[WhiteElo "1696"]
[BlackElo "1883"]
[PlyCount "96"]
[EventDate "2016.10.06"]
[EventType "team-tourn"]
[EventRounds "5"]
[EventCountry "RUS"]
[SourceTitle "EXT 2017"]
[Source "ChessBase"]
[SourceDate "2016.10.25"]
[SourceVersion "1"]
[SourceVersionDate "2016.10.25"]
[SourceQuality "1"]
[WhiteTeam "Sussex"]
[BlackTeam "Paris"]
[WhiteTeamCountry "ENG"]
[BlackTeamCountry "FRA"]

1. e4 e6 2. d4 d5 3. e5 c5 4. c3 Qb6 5. Nf3 Bd7 6. Be2 Bb5 7. 0-0 Bxe2 8. Qxe2 Nc6 9. dxc5 Bxc5 10. b4 Bf8 11. Be3 Qc7 12. Bd4 Nge7 13. Nbd2 Nf5 14. Nb3 Be7 15. a3 0-0 16. Rfc1 Rfc8 17. Rc2 Ncxd4 18. Nbxd4 Nxd4 19. Nxd4 Qb6 20. Qb5 Qxb5 21. Nxb5 Rc4 22. g3 a6 23. Nd4 Rac8 24. Rac1 Bd8 25. Nb3 Bb6 26. Nd2 R4c6 27. Kg2 Bd4 28. f4 Rxc3 29. Rxc3 Rxc3 30. Rxc3 Bxc3 31. Nb1 Bd4 32. Kf3 f6 33. exf6 gxf6 34. a4 Kf7 35. b5 axb5 36. axb5 Ke7 37. Nd2 Kd6 38. Nb3 Bb6 39. g4 e5 40. g5 fxg5 41. fxg5 Ke6 42. h4 Kf5 43. Nd2 e4+ 44. Kg3 Be3 45. Nf1 Bf4+ 46. Kh3 e3 47. Ng3+ Bxg3 48. Kxg3 d4 0-1

[Event "BCF-ch U16"]
[Site "Bournemouth"]
[Date "2016.07.30"]
[Round "7"]
[White "Warr Esser, Alexandre"]
[Black "Karia, Rishul"]
[Result "1/2-1/2"]
[WhiteElo "2004"]
[BlackElo "1781"]
[PlyCount "41"]
[EventDate "2016.07.24"]
[EventType "swiss"]
[EventRounds "7"]
[EventCountry "ENG"]
[SourceTitle "EXT 2017"]
[Source "ChessBase"]
[SourceDate "2016.10.25"]
[SourceVersion "1"]
[SourceVersionDate "2016.10.25"]
[SourceQuality "1"]

1. e4 e5 2. Nf3 Nc6 3. d4 exd4 4. Nxd4 Bc5 5. Nf5 Qf6 6. Nc3 Nge7 7. Ne3 d6 8. Bd3 Be6 9. 0-0 0-0-0 10. Na4 Bd4 11. c3 Bxe3 12. Bxe3 d5 13. Qc2 h5 14. Nc5 dxe4 15. Nxe4 Qe5 16. Rfe1 Bf5 17. Nc5 Bxd3 18. Nxd3 Qf5 19. Nb4 Nxb4 20. Qxf5+ Nxf5 21. cxb4 1/2-1/2

[Event "BCF-ch Week1 PM op"]
[Site "Bournemouth"]
[Date "2016.07.25"]
[Round "1"]
[White "Warr Esser, Alexandre"]
[Black "Rathbone Jones, Ifan"]
[Result "1-0"]
[WhiteElo "2004"]
[BlackElo "1673"]
[PlyCount "77"]
[EventDate "2016.07.25"]
[EventType "swiss"]
[EventRounds "5"]
[EventCountry "ENG"]
[SourceTitle "CBM 173 Extra"]
[Source "ChessBase"]
[SourceDate "2016.08.29"]
[SourceVersion "1"]
[SourceVersionDate "2016.08.29"]
[SourceQuality "1"]

1. e4 e6 2. d4 d5 3. Nc3 dxe4 4. Nxe4 Nf6 5. Nxf6+ gxf6 6. Nf3 c5 7. c3 Nc6 8. Be3 Qb6 9. Qb3 Qxb3 10. axb3 cxd4 11. Nxd4 Bd7 12. Nb5 0-0-0 13. Nxa7+ Kb8 14. Nb5 Ne5 15. Ba7+ Kc8 16. Bb6 Bxb5 17. Ra8+ Kd7 18. Bxb5+ Nc6 19. Rxd8+ Ke7 20. Bxc6 bxc6 21. 0-0 Rg8 22. Rfd1 f5 23. Rxf8 Kxf8 24. Rd8+ Kg7 25. Bd4+ f6 26. Rxg8+ Kxg8 27. Bxf6 Kf7 28. Be5 Ke7 29. b4 Kd7 30. c4 Kc8 31. f4 Kb7 32. Kf2 Kb6 33. b3 c5 34. b5 h5 35. Ke3 h4 36. h3 Ka5 37. Kd2 Kb6 38. Kc3 Ka5 39. Bc7# 1-0

[Event "FRA-chT U20 GpB 1213"]
[Site "France"]
[Date "2013.01.05"]
[Round "5"]
[White "Amghar, Ismael"]
[Black "Warr Esser, Alexandre"]
[Result "1/2-1/2"]
[WhiteElo "1776"]
[BlackElo "1626"]
[PlyCount "110"]
[EventDate "2012.12.01"]
[EventType "team"]
[EventRounds "7"]
[EventCountry "FRA"]
[SourceTitle "EXT 2014"]
[Source "ChessBase"]
[SourceDate "2013.11.20"]
[SourceVersion "1"]
[SourceVersionDate "2013.11.20"]
[SourceQuality "1"]
[WhiteTeam "Creteil (U20)"]
[BlackTeam "Lutece (U20)"]
[WhiteTeamCountry "FRA"]
[BlackTeamCountry "FRA"]

1. e4 e6 2. d3 d5 3. Nd2 Nf6 4. g3 c5 5. Bg2 b5 6. Ngf3 Bb7 7. Qe2 Be7 8. 0-0 0-0 9. Re1 Nc6 10. h4 Nb4 11. e5 Nd7 12. Nf1 a5 13. N1h2 Nc6 14. Bf4 b4 15. Qd2 a4 16. Ng4 Kh8 17. Bg5 Nb6 18. h5 Nd4 19. Bf4 Nxf3+ 20. Bxf3 Qc8 21. Kg2 c4 22. Be3 Qc7 23. Bxb6 Qxb6 24. Qf4 cxd3 25. cxd3 Ba6 26. d4 Qd8 27. Qd2 Rc8 28. Rac1 Rxc1 29. Rxc1 Bg5 30. Ne3 Qb6 31. Bd1 Qb5 32. Rc5 Bxe3 33. fxe3 Qf1+ 34. Kh2 b3 35. axb3 axb3 36. Rc1 h6 37. Bxb3 Qe2+ 38. Qxe2 Bxe2 39. Bd1 Bxd1 40. Rxd1 Rb8 41. Rd2 Rb3 42. Re2 g6 43. g4 Rb4 44. Kg2 Kg7 45. Kf2 f6 46. exf6+ Kxf6 47. hxg6 Kxg6 48. Kg3 Kg5 49. Kf3 Rb7 50. Rc2 Rb8 51. Kg3 Rb3 52. Re2 Rb4 53. Kf3 Rb7 54. Rh2 Rf7+ 55. Kg3 Rf1 1/2-1/2